Mount of olives : (Record no. 39683)

MARC details
000 -LEADER
fixed length control field 00617nam a22001817a 4500
005 - DATE AND TIME OF LATEST TRANSACTION
control field 2010080609099.0
010 ## - LCCN (DPL NO)
LC control number ENG-98587
020 ## - INTERNATIONAL STANDARD BOOK NUMBER
International Standard Book Number 9788190466851
Terms of availability 120.00
035 ## - SYSTEM CONTROL NUMBER
System control number EN-82120
037 ## - SOURCE OF ACQUISITION
Source of stock number/acquisition DBAD/PUB
082 ## - DEWEY DECIMAL CLASSIFICATION NUMBER
Classification number 280.42
245 ## - TITLE STATEMENT
Title Mount of olives :
Remainder of title our lenten journey with jesus /
260 ## - PUBLICATION, DISTRIBUTION, ETC. (IMPRINT)
Place of publication, distribution, etc Chenai
Name of publisher, distributor, etc ICSA Books
Date of publication, distribution, etc 2009
270 ## - ADDRESS
Address Post Box No. : 771
City Chennai
Postal code 600008
300 ## - PHYSICAL DESCRIPTION
Extent 146p.
Dimensions 21cm (pbk)
942 ## - ADDED ENTRY ELEMENTS (KOHA)
Source of classification or shelving scheme Dewey Decimal Classification
Item type English Books
Classification part 280.42
Call number suffix MOU
Holdings
Withdrawn status Lost status Not for loan Collection code Home library Current library Date acquired Source of acquisition Cost, normal purchase price Full call number Barcode Copy number Cost, replacement price Koha item type
    Not For Loan Non-fiction D.B.Act.Division D.B.Act.Division 06/08/2010 DBAD/PUB 120.00 280.42 MOU EN-82120 1 120.00 English Books

© Delhi Public Library
Hit Counter
free hit counter